| 000 | 00665nam a2200241 a 4500 | ||
|---|---|---|---|
| 999 |
_c10692 _d10692 |
||
| 001 | 10692 | ||
| 003 | BD-JhCC | ||
| 005 | 20220228134021.0 | ||
| 008 | 180808s2003 enk 000 1 eng d | ||
| 020 | _a9781408855690 | ||
| 035 | _a(BD-JhCC)10692 | ||
| 040 |
_aBD-JhCC _dBD-JhCC |
||
| 041 | _aeng | ||
| 082 |
_a823.92 _b ROW 2003 |
||
| 100 | 1 | _aRowling, J. K. | |
| 245 | 1 | 0 |
_aHarry Potter and the order of the phoenix / _cJ. K. Rowling. |
| 260 |
_aLondon : _bBloomsbury, _c2003. |
||
| 300 |
_a766 p. ; _c21 cm. |
||
| 490 | _aThe Harry Potter Serises | ||
| 600 | 1 | 0 |
_aPotter, Harry _c(Fictitious character) |
| 650 | 0 |
_aWizards _vFiction. |
|
| 942 |
_2ddc _cBK _023 |
||